| 000 | 00494nam a2200157 i 4500 | ||
|---|---|---|---|
| 001 | 84415 | ||
| 003 | ES-MaACL | ||
| 005 | 20230906175019.0 | ||
| 007 | t| | ||
| 008 | 041122s1971 sp ||||1| spa d | ||
| 100 | 1 |
_aJiménez González, Luis. _966534 |
|
| 245 | 1 | 0 |
_aBiología general e Histología humana para ayudantes técnicos sanitarios / _cpor Luis Jiménez González. |
| 260 |
_aZaragoza : _b[s.n., _c1971] |
||
| 300 |
_a120 p. : _bil. ; _c21 cm. |
||
| 852 |
_aES-MaACL _jC-47256 _bR.79479 |
||
| 999 |
_c84415 _d84415 |
||